| 000 | 01182nam a2200301 i 4500 | ||
|---|---|---|---|
| 001 | bg | ||
| 003 | KOSZ 005 | ||
| 005 | 20200528074314.0 | ||
| 008 | 080505s1961 pl a f 000 0 pol | ||
| 015 | _aPB 1961/2547 | ||
| 040 |
_aWA N _cKOSZ 005/RW _dKOSZ 005/RW |
||
| 041 | 0 |
_apol _aeng _ager _arus |
|
| 080 | _a624 | ||
| 100 | 1 |
_aSzymczyk, Jan _d(?-1991) _eAutor |
|
| 245 | 1 | 0 |
_aŁuki : _btablice do obliczeń statycznych = Arches : tables for statical analyses = Bogen : Tabellen für statische Berechnung = Arki : tablicy dlâ statičeskih rasčetov / _cJan Szymczyk. |
| 246 | 3 | 1 |
_aArches : _btables for statical analyses |
| 246 | 3 | 1 |
_aBogen : _bTabellen für statische Berechnung |
| 246 | 3 | 1 |
_aArki : _btablicy dlâ statičeskih rasčetov. |
| 260 |
_aWarszawa : _b"Arkady", _c1961. |
||
| 300 |
_a536, [2] s. : _bil. ; _c21 cm. |
||
| 380 | _aKsiążki. | ||
| 546 | _aTeksty równoległe pol., ang., niem. i ros. | ||
| 650 | 4 | _aŁuki (budownictwo) | |
| 655 | 4 | _aTablice i wzory | |
| 710 | 2 |
_aWydawnictwo "Arkady". _4pbl. |
|
| 856 |
_uhttp://koha.tu.koszalin.pl/cgi-bin/koha/opac-detail.pl?biblionumber=11236 _yKatalog online BPK |
||
| 942 |
_2UKD _cKS |
||
| 999 |
_c11236 _d11236 |
||